Online katalóg knižníc regiónu Turca

Veľký lexikón izbových rastlín (Record no. 22968)

MARC details
000 -LEADER
fixed length control field 01333nam a2200433 a 4500
001 - CONTROL NUMBER
control field 22968
003 - CONTROL NUMBER IDENTIFIER
control field SK-KTurca
005 - DATE AND TIME OF LATEST TRANSACTION
control field 20260513083012.0
008 - FIXED-LENGTH DATA ELEMENTS--GENERAL INFORMATION
fixed length control field 151112s2008 xo o g 001 0 slo
015 ## - NATIONAL BIBLIOGRAPHY NUMBER
National bibliography number SNBA2009/11-05433
020 ## - INTERNATIONAL STANDARD BOOK NUMBER
International Standard Book Number 9788089246892 (viaz.)
035 ## - SYSTEM CONTROL NUMBER
System control number DA25A665-D3D4-45A8-A8C1-8849DD44004E
035 ## - SYSTEM CONTROL NUMBER
System control number urn:nbn:sk:snk-amjvol
035 ## - SYSTEM CONTROL NUMBER
System control number urn:nbn:sk:snk-am008442
040 ## - CATALOGING SOURCE
Original cataloging agency SNK
Language of cataloging slo
Transcribing agency SNK
Description conventions AACR2
041 1# - LANGUAGE CODE
Language code of text/sound track or separate title slo
Language code of original hun
044 ## - COUNTRY OF PUBLISHING/PRODUCING ENTITY CODE
MARC country code xo
ISO country code SK
072 #7 - SUBJECT CATEGORY CODE
Subject category code 635
Subject category code subdivision Záhradkárstvo
Source konspekt
080 ## - UNIVERSAL DECIMAL CLASSIFICATION NUMBER
Universal Decimal Classification number 635.91
Edition identifier 2001
080 ## - UNIVERSAL DECIMAL CLASSIFICATION NUMBER
Universal Decimal Classification number (035)
Edition identifier 2001
080 ## - UNIVERSAL DECIMAL CLASSIFICATION NUMBER
Universal Decimal Classification number (084.11)
Edition identifier 2001
130 0# - MAIN ENTRY--UNIFORM TITLE
Uniform title Nagy szobanövény lexikon
Language of a work Slovensky
245 10 - TITLE STATEMENT
Title Veľký lexikón izbových rastlín
Statement of responsibility, etc. Arpád Nagy ... [et al.] ; [z maďarského originálu preložil Radovan Vallach]
250 ## - EDITION STATEMENT
Edition statement 1. slov. vyd.
260 ## - PUBLICATION, DISTRIBUTION, ETC.
Place of publication, distribution, etc. Bratislava
Name of publisher, distributor, etc. Svojtka & Co.
Date of publication, distribution, etc. 2008
300 ## - PHYSICAL DESCRIPTION
Extent 160 s.
Other physical details fareb. fotogr.
Dimensions 34 cm
504 ## - BIBLIOGRAPHY, ETC. NOTE
Bibliography, etc. note Reg. slov. a lat. názvov
504 ## - BIBLIOGRAPHY, ETC. NOTE
Bibliography, etc. note Bibliogr. s. 155
650 07 - SUBJECT ADDED ENTRY--TOPICAL TERM
Topical term or geographic name entry element izbové rastliny
Source of heading or term SNKPH
655 #7 - INDEX TERM--GENRE/FORM
Genre/form data or focus term príručky
Source of term SNKPH
655 #7 - INDEX TERM--GENRE/FORM
Genre/form data or focus term obrazové publikácie
Source of term SNKPH
700 1# - ADDED ENTRY--PERSONAL NAME
Personal name Nagy, Arpád
Relationship aut
700 1# - ADDED ENTRY--PERSONAL NAME
Personal name Vallach, Radovan
Relationship trl
700 1# - ADDED ENTRY--PERSONAL NAME
Personal name Váczi, Imre
Relationship aut
700 1# - ADDED ENTRY--PERSONAL NAME
Personal name Dede, Géza
Relationship aut
700 1# - ADDED ENTRY--PERSONAL NAME
Personal name Illyés, Csaba
Relationship aut
942 ## - ADDED ENTRY ELEMENTS (KOHA)
Source of classification or shelving scheme Dewey Decimal Classification
Koha item type Odborná literatúra pre dospelých
Suppress in OPAC No
980 ## - EQUIVALENCE OR CROSS-REFERENCE-SERIES STATEMENT--PERSONAL NAME/TITLE [LOCAL, CANADA]
Personal name 635.91
Holdings
Stav vyradenia Strata Poškodenie Spôsob nadobudnutia Domovská knižnica Aktuálna knižnica Dátum nadobudnutia Total checkouts Čiarový kód exemplára Date last seen Typ exemplára
      Dar Obecná knižnica Turčianska Štiavnička Obecná knižnica Turčianska Štiavnička 13.05.2026   4738001265 13.05.2026 Odborná literatúra pre dospelých
Projekt je podporený Slovenskou asociáciou knižníc
Prevádzkuje Turčianska knižnica Martin 2026